Animal Agriculture : Current Issues.

Discusses recent economic and price trends in the cattle, hog, sheep, and poultry industries, industry concentration, livestock trade with Europe and Mexico, country-of-origin labeling, animal health and food safety issues, and environmental issues. Also reviews USDA progress in implementing the Ani...

Full description

Bibliographic Details
Corporate Authors: Library of Congress. Congressional Research Service, ProQuest (Firm)
Format: eBook
Language:English
Published: [Place of publication not identified] : [publisher not identified], 2001.
Series:U.S. Congressional Research.
Subjects:
Online Access:Connect to the full text of this electronic book

MARC

Tag First Indicator Second Indicator Subfields
LEADER 00000cam a22000001a 4500
001 in00003371981
006 m d f
007 cr bn mmmapmmp
008 100727s2001 dcu o f000 0 eng d
005 20260429200849.0
035 |a cis2007897779 
040 |a ProQuest  |c ProQuest  |d UtOrBLW 
043 |a n-us--- 
099 |a CRS-2001-RSI-0346 
110 2 |a Library of Congress.  |b Congressional Research Service. 
245 1 0 |a Animal Agriculture :  |b Current Issues. 
264 1 |a [Place of publication not identified] :  |b [publisher not identified],  |c 2001. 
300 |a 1 online resource. 
336 |a text  |b txt  |2 rdacontent 
337 |a computer  |b c  |2 rdamedia 
338 |a online resource  |b cr  |2 rdacarrier 
500 |a Record is based on bibliographic data in ProQuest U.S. Congressional Research Digital Collection (last viewed July 2010). Reuse except for individual research requires license from ProQuest, LLC. 
500 |a CRS Report. 
520 |a Discusses recent economic and price trends in the cattle, hog, sheep, and poultry industries, industry concentration, livestock trade with Europe and Mexico, country-of-origin labeling, animal health and food safety issues, and environmental issues. Also reviews USDA progress in implementing the Animal Disease Risk Assessment, Prevention, and Control Act of 2001. 
500 |a Electronic resource. 
650 0 |a Agricultural pollution. 
650 0 |a Food adulteration and inspection. 
650 0 |a Animal welfare. 
655 7 |a Electronic books.  |2 local 
710 2 |a ProQuest (Firm) 
776 0 8 |i Microfiche version:   |a Library of Congress. Congressional Research Service.  |t Animal Agriculture 
830 0 |a U.S. Congressional Research. 
856 4 0 |u http://proxy.library.tamu.edu/login?url=https://congressional.proquest.com/congcomp/getdoc?CRDC-ID=CRS-2001-RSI-0346  |z Connect to the full text of this electronic book  |t 0 
999 |a MARS 
999 f f |s 3d24483d-403e-3163-98cd-46e0645e4b3d  |i 42ef0f94-d807-3db7-957f-2f78bd04a649  |t 0 
952 f f |a Texas A&M University  |b College Station  |c Electronic Resources  |s www_evans  |d Available Online  |t 0  |e CRS-2001-RSI-0346  |h Other scheme 
998 f f |a CRS-2001-RSI-0346  |t 0  |l Available Online